Extrakcia látok z brezovej kôry s potenciálom ich využitia v kozmetike
Salvato in:
| Autore principale: | |
|---|---|
| Altri autori: | |
| Natura: | Manoscritto Libro |
| Lingua: | slovacco |
| Pubblicazione: |
2021
|
| Soggetti: | |
| Accesso online: | http://is.stuba.sk/zp/portal_zp.pl?podrobnosti=141758 |
| Tags: |
Nessun Tag, puoi essere il primo ad aggiungerne!!
|
MARC
| LEADER | 00000ntm a22000003a 4500 | ||
|---|---|---|---|
| 001 | stuzp83961 | ||
| 003 | SK-STU | ||
| 005 | 20210626211219.5 | ||
| 007 | ta | ||
| 008 | 150427s2015----xo-----f-mn---000-0-slo-d | ||
| 040 | |a STU |b slo | ||
| 041 | 0 | |a slo | |
| 100 | 1 | |a Krajčovičová, Timea Ema |u 049380 |4 aut |U FCHPT Ústav prírodných a syntetických polymérov |T FCHPT Oddelenie dreva, celulózy a papiera |X 91786 |U C9380 |Y 129 |7 91786 | |
| 242 | 0 | 1 | |a Extraction of substances from birch bark with the potential for their use in cosmetics |y eng |
| 245 | 1 | 0 | |a Extrakcia látok z brezovej kôry s potenciálom ich využitia v kozmetike |
| 260 | |c 2021 | ||
| 650 | 4 | |a breza |2 slo | |
| 650 | 4 | |a extrakcia |2 slo | |
| 650 | 4 | |a betulín |2 slo | |
| 650 | 4 | |a triterpény |2 slo | |
| 650 | 4 | |a triterpenes |2 eng | |
| 650 | 4 | |a birch |2 eng | |
| 650 | 4 | |a extraction |2 eng | |
| 650 | 4 | |a betulin |2 eng | |
| 700 | 1 | |a Jablonský, Michal |u 049380 |k Z1 |4 ths |U FCHPT Ústav prírodných a syntetických polymérov |T FCHPT Oddelenie dreva, celulózy a papiera |X 4025 |U C9380 |Y 129 |7 A000004025 | |
| 856 | 4 | |u http://is.stuba.sk/zp/portal_zp.pl?podrobnosti=141758 | |